<?xml version="1.0" encoding="UTF-8"?>
<marc:record xmlns:marc="http://www.loc.gov/MARC21/slim">
   <marc:leader>00000nam a2200000 a 4500</marc:leader>
   <marc:datafield ind1="1" ind2=" " tag="100">
      <marc:subfield code="a">Hirschl, Elias</marc:subfield>
      <marc:subfield code="4">aut</marc:subfield>
      <marc:subfield code="e">Verfasser/-in</marc:subfield>
   </marc:datafield>
   <marc:datafield ind1="0" ind2="0" tag="245">
      <marc:subfield code="a">Meine Freunde haben Adolf Hitler getötet und alles, was sie mir    mitgebracht haben. ist dieses lausige T-Shirt</marc:subfield>
   </marc:datafield>
   <marc:datafield ind1="0" ind2="0" tag="245">
      <marc:subfield code="b">Roman</marc:subfield>
   </marc:datafield>
   <marc:datafield ind1=" " ind2="1" tag="264">
      <marc:subfield code="b">Milena</marc:subfield>
      <marc:subfield code="c">2016</marc:subfield>
   </marc:datafield>
   <marc:datafield ind1="1" ind2=" " tag="520">
      <marc:subfield code="a">Als in einem riesigen Red-Bull-Sport-Event die Weltformel errechnet wird, stürzt die Welt in totale Unlogik. Zeitreisen werden zum neuen Volkssport: Die einen wollen Jesus besuchen, die anderen Shakespeare (haben die beiden überhaupt gelebt? Elias Hirschl gibt darauf geniale Antworten). Und während die Welt schön langsam im Chaos versinkt, versucht Sandra Virtanen ruhig zu leiben und ihre Bachelorarbeit über Thomas Bernhard zu vollenden. Ebenfalls unter Zuhilfenahme von Zeitmaschinen der österreichischen Methode der Geschichtsaufarbeitung.</marc:subfield>
   </marc:datafield>
   <marc:datafield ind1=" " ind2=" " tag="020">
      <marc:subfield code="a">9783902950758</marc:subfield>
      <marc:subfield code="9">9783902950758</marc:subfield>
   </marc:datafield>
</marc:record>
